Risk analysis without Monte Carlo simulation (Record no. 63773)

MARC details
000 -LEADER
fixed length control field 00731cam a2200229 4500
001 - CONTROL NUMBER
control field ABS62464
008 - FIXED-LENGTH DATA ELEMENTS--GENERAL INFORMATION
fixed length control field 000000n2000 000 0 eng u
035 ## - SYSTEM CONTROL NUMBER
System control number (Sirsi) u106465
100 ## - MAIN ENTRY--PERSONAL NAME
Personal name Sweeting, J.
245 ## - TITLE STATEMENT
Title Risk analysis without Monte Carlo simulation
260 ## - PUBLICATION, DISTRIBUTION, ETC.
Date of publication, distribution, etc. 2000
490 ## - SERIES STATEMENT
Series statement Cost Engineer
Volume/sequential designation 38(3) May 2000, 17-20(4)
520 ## - SUMMARY, ETC.
Summary, etc. Considers whether the Monte Carlo simulation method is always the most appropriate risk assessment technique. Suggests some alternatives. Examples.
590 ## - LOCAL NOTE (RLIN)
Local note ABS
650 ## - SUBJECT ADDED ENTRY--TOPICAL TERM
Topical term or geographic name entry element RISK ASSESSMENT
650 ## - SUBJECT ADDED ENTRY--TOPICAL TERM
Topical term or geographic name entry element MONTE CARLO SIMULATION
650 ## - SUBJECT ADDED ENTRY--TOPICAL TERM
Topical term or geographic name entry element MONTE CARLO METHOD
650 ## - SUBJECT ADDED ENTRY--TOPICAL TERM
Topical term or geographic name entry element RISK ANALYSIS
650 ## - SUBJECT ADDED ENTRY--TOPICAL TERM
Topical term or geographic name entry element COST ENGINEERING
690 ## - LOCAL SUBJECT ADDED ENTRY--TOPICAL TERM (OCLC, RLIN)
Topical term or geographic name as entry element ECONOMIC ISSUES
942 ## - ADDED ENTRY ELEMENTS (KOHA)
Suppress in OPAC 0
Holdings
Withdrawn status Lost status Source of classification or shelving scheme Damaged status Not for loan Home library Current library Shelving location Date acquired Total Checkouts Full call number Barcode Date last seen Copy number Price effective from Koha item type
    Dewey Decimal Classification     London London Journal article 15/06/2000   ABS62464 106465-1001 06/08/2019 1 06/08/2019 Journal article